Zábudlivý Punťo (Record no. 21752)
[ view plain ]
| 000 -LEADER | |
|---|---|
| fixed length control field | 01779cam a2200481 a 4500 |
| 001 - CONTROL NUMBER | |
| control field | 21752 |
| 003 - CONTROL NUMBER IDENTIFIER | |
| control field | VRT |
| 005 - DATE AND TIME OF LATEST TRANSACTION | |
| control field | 20260309133158.0 |
| 008 - FIXED-LENGTH DATA ELEMENTS--GENERAL INFORMATION | |
| fixed length control field | 240801s2001 xo a ara 000 j slo |
| 015 ## - NATIONAL BIBLIOGRAPHY NUMBER | |
| National bibliography number | SNBA2002/08-02653 |
| 020 ## - INTERNATIONAL STANDARD BOOK NUMBER | |
| International Standard Book Number | 808898047X |
| 035 ## - SYSTEM CONTROL NUMBER | |
| System control number | SNK000386842 |
| 035 ## - SYSTEM CONTROL NUMBER | |
| System control number | urn:nbn:sk:snk-amlu2b |
| 035 ## - SYSTEM CONTROL NUMBER | |
| System control number | urn:nbn:sk:snk-am00cbph |
| 035 ## - SYSTEM CONTROL NUMBER | |
| System control number | 7ADC18D1-C7E3-410B-97EC-D7EC44D7222B |
| 039 #9 - LEVEL OF BIBLIOGRAPHIC CONTROL AND CODING DETAIL [OBSOLETE] | |
| Level of rules in bibliographic description | 202410011759 |
| Level of effort used to assign nonsubject heading access points | csnk01 |
| Level of effort used to assign subject headings | 202410011758 |
| Level of effort used to assign classification | csnk01 |
| Level of effort used to assign subject headings | 202410011745 |
| Level of effort used to assign classification | AUTHORITY |
| Level of effort used to assign subject headings | 202410011738 |
| Level of effort used to assign classification | AUTHORITY |
| 040 ## - CATALOGING SOURCE | |
| Original cataloging agency | SNK |
| Language of cataloging | slo |
| Transcribing agency | SNK |
| Description conventions | AACR2 |
| 041 1# - LANGUAGE CODE | |
| Language code of text/sound track or separate title | slo |
| Language code of original | ger |
| 044 ## - COUNTRY OF PUBLISHING/PRODUCING ENTITY CODE | |
| MARC country code | xo |
| ISO country code | SK |
| 080 ## - UNIVERSAL DECIMAL CLASSIFICATION NUMBER | |
| Universal Decimal Classification number | 830-3(087.5) |
| Edition identifier | 1981 |
| 100 1# - MAIN ENTRY--PERSONAL NAME | |
| Personal name | Meinardus, Elke |
| Relationship | aut |
| 240 10 - UNIFORM TITLE | |
| Uniform title | Kunterbunte Tiergeschichten |
| Language of a work | Slovensky |
| 245 1# - TITLE STATEMENT | |
| Title | Zábudlivý Punťo |
| Remainder of title | veľká knižka o zvieratkách pre malé deti |
| Statement of responsibility, etc. | napísala Elke Meinardusová ; ilustrovali Ray Cresswell ... [et al.] ; [z nemeckého originálu preložila Marianna Pavuliaková] |
| 250 ## - EDITION STATEMENT | |
| Edition statement | 4. vyd. |
| 260 ## - PUBLICATION, DISTRIBUTION, ETC. | |
| Place of publication, distribution, etc. | Bratislava |
| Name of publisher, distributor, etc. | Fortuna Print |
| Date of publication, distribution, etc. | 2001 |
| 300 ## - PHYSICAL DESCRIPTION | |
| Extent | 141 s. |
| Other physical details | ilustr. |
| Dimensions | 27 cm |
| 500 ## - GENERAL NOTE | |
| General note | Ilustrácie na predsádkach, frontispice a titulnej strane |
| 655 #7 - INDEX TERM--GENRE/FORM | |
| Genre/form data or focus term | nemecké rozprávky |
| Source of term | SNKPH |
| 655 #7 - INDEX TERM--GENRE/FORM | |
| Genre/form data or focus term | autorské rozprávky |
| Source of term | SNKPH |
| 655 #7 - INDEX TERM--GENRE/FORM | |
| Genre/form data or focus term | literatúra pre deti |
| Source of term | SNKPH |
| 700 1# - ADDED ENTRY--PERSONAL NAME | |
| Personal name | Cresswell, Ray |
| Relationship | ill |
| 700 1# - ADDED ENTRY--PERSONAL NAME | |
| Personal name | Emblem, Michelle |
| Relationship | ill |
| 700 1# - ADDED ENTRY--PERSONAL NAME | |
| Personal name | Licht, Gerti |
| Relationship | ill |
| 700 1# - ADDED ENTRY--PERSONAL NAME | |
| Personal name | Johnstone, Janet |
| Relationship | ill |
| 700 1# - ADDED ENTRY--PERSONAL NAME | |
| Personal name | Kitta, Heinrich |
| Relationship | ill |
| 700 1# - ADDED ENTRY--PERSONAL NAME | |
| Personal name | Fryer, George |
| Relationship | ill |
| 700 1# - ADDED ENTRY--PERSONAL NAME | |
| Personal name | Pavuliaková, Marianna |
| Relationship | trl |
| 942 ## - ADDED ENTRY ELEMENTS (KOHA) | |
| Source of classification or shelving scheme | Dewey Decimal Classification |
| Koha item type | Krásna literatúra pre deti |
| Suppress in OPAC | No |
| 949 ## - LOCAL PROCESSING INFORMATION (OCLC) | |
| 6 | 3869A07733 |
| a | bpksh087.5 |
| b | bpksh51425 |
| 949 ## - LOCAL PROCESSING INFORMATION (OCLC) | |
| 6 | 17A0338547 |
| 9 | P60, <03>, [BOOK], {603} |
| a | snkSB 64816 |
| b | snkKSP 3702/2002 |
| s | 6100:20160606 |
| Stav vyradenia | Strata | Poškodenie | Spôsob nadobudnutia | Domovská knižnica | Aktuálna knižnica | Dátum nadobudnutia | Total checkouts | Čiarový kód exemplára | Date last seen | Typ exemplára |
|---|---|---|---|---|---|---|---|---|---|---|
| Dar | Obecná knižnica Turčianska Štiavnička | Obecná knižnica Turčianska Štiavnička | 09.03.2026 | 4738000361 | 09.03.2026 | Krásna literatúra pre deti |
